Normal view
MARC view
- LEVY M.SIDNEY
Entry Personal Name
001 - CONTROL NUMBER
- control field: 91133
003 - CONTROL NUMBER IDENTIFIER
- control field: NUST
005 - DATE AND TIME OF LATEST TRANSACTION
- control field: 20220421095540.0
008 - FIXED-LENGTH DATA ELEMENTS
- fixed length control field: 220421|| aca||aabn | a|a d
040 ## - CATALOGING SOURCE
- Original cataloging agency: NUST
- Transcribing agency: NUST
100 ## - HEADING--PERSONAL NAME
- Personal name: LEVY M.SIDNEY
670 ## - SOURCE DATA FOUND
- Source citation: Work cat.: (NUST): LEVY M.SIDNEY., CONSTRUCTION OPERATIONS MANUAL OF POLICIES AND PROCEDURES /, 2014.
